Německo-český stavební slovník

Na minha lista:
Detalhes bibliográficos
Autor principal: Kejvanová, Antonie (Author)
Formato: Livro
Idioma:idiomas múltiplos
Publicado em: Praha : SNTL, 1990
Tags: Adicionar Tag
Sem tags, seja o primeiro a adicionar uma tag!

MARC

LEADER 00000nam a22000003a 4500
001 stu28059
005 20200911123553.2
008 950224s1990----xr------------------mul-d
020 |a 8003003202 
040 |a STU  |b slo 
041 0 |a mul 
044 |a xr 
080 |a 801.316.4=850=30  |7 stu_us_auth*stu13854 
080 |a 69 
100 1 |a Kejvanová, Antonie  |4 aut 
245 1 |a Německo-český stavební slovník 
260 |a Praha :  |b SNTL,  |c 1990 
300 |a 541 s 
996 |c V*39028/O-16462  |l VV18  |s P  |a 0  |w stu28059_0003 
996 |b 284V026177  |c V*39173/O-16531c  |l VVS  |s A  |a 24  |w stu28059_0006 
996 |c V*38952/O-16408a  |l VV17  |s P  |a 0  |w stu28059_0008 
996 |c V*38966/O-16410c  |l VV15  |s P  |a 0  |w stu28059_0012